000 00531nam a2200181 i 4500
001 49460
003 ES-MaACL
005 20250817063115.0
007 t|
008 030716s1892 it ||||1| ita d
100 1 _aCossa, Luigi,
_d1831-1896
_941005
245 1 0 _aIntroduzione alls studio dell'economia politica /
_cdi Luigi Cossa.
250 _a3ยช ed. interamente rifatta.
260 _aMilano :
_bUlrico Hoepli,
_c1892.
300 _aXII, 594 p. ;
_c23 cm.
852 _aES-MaACL
_jF-8116
999 _c49460
_d49460